V pamäti ostali hostia Desať mesiacov v práci filharmonikov

Bibliographic Details
Main Author: Urbančíková, Lýdia, 1942- (Author)
Format: Article
Language:Slovak
Subjects:

MARC

LEADER 00000nab a2200000 a 4500
001 vtls000423136
003 SK-MaSNL
005 20260305003849.0
008 120925c1991 xo 0 slo
015 |a SNBRB19rr/mm-uuuuu 
035 |a CL0423264 
040 |a SNKBUCL  |b slo  |c SNKBUCL  |e AACR2 
041 0 |a slo 
044 |a xo  |c SK 
080 |a 78.071.20:785.11  |2 1981 
080 |a 785.11  |2 1981 
100 1 |a Urbančíková, Lýdia,  |d 1942-  |4 aut  |9 26881 
245 1 0 |a V pamäti ostali hostia  |b Desať mesiacov v práci filharmonikov  |c Lýdia Urbančíková 
610 2 7 |a Štátna filharmónia Košice  |2 snkbucl  |9 56989 
651 7 |a 5403  |2 snkbucl  |9 893808 
655 7 |a články z novín a časopisov  |2 snkbucl  |9 267496 
773 0 |t Košický večer  |g Roč. 2, č. 132 (10. 7. 1991), s. 7 
850 |a Slovenská národná knižnica v Martine  |a MTA001 
852 |a SNK  |b KIS3GCP 
958 |a RK 
992 |a RBX 
999 |c 3232839  |d 3234769